00699nam a22001697a 4500003000900000008004100009040007100050082002800121100003000149245005900179260002700238300002600265505015300291650003100444650002100475650003300496AR-CdUCM190313b ||||| |||| 00| 0 spa d aMUNICIPALIDAD PROVINCIAL DEL CUSCOcBIBLIOTECA MUNICIPAL DEL CUSCO 213 ed.a985.0013 /bM26 aMariategui, José Carlos a7 ensayos de interpretación de la realidad peruana / aLima :bAmauta,c1968. a277 paginas ;c25 cm. aContenido : Esquema de la evolución económica -- El problema del indio -- El problema de la tierra -- El proceso de la instrucción publica ... aHistoria social del Perú aRealidad peruana aHistoria económica peruana